000 00214nam a22000977a 4500
003 OSt
008 210118b ||||| |||| 00| 0 eng d
100 _aBalakrishnan, P. K
_94890
245 _aTippu Sulthan
942 _cBK
999 _c16672
_d16672